The letters to the Corinthians. (Record no. 431)

000 -LEADER
fixed length control field 00637nam a2200193 a 4500
001 - CONTROL NUMBER
control field :::00013585$&:&@@
003 - CONTROL NUMBER IDENTIFIER
control field OkBaRHE
005 - DATE AND TIME OF LATEST TRANSACTION
control field 20100324120629.0
008 - FIXED-LENGTH DATA ELEMENTS--GENERAL INFORMATION
fixed length control field s1956 j 000 0 eng u
040 ## - CATALOGING SOURCE
Transcribing agency
100 1# - MAIN ENTRY--PERSONAL NAME
Personal name Barclay, William, 1907-1978,
245 14 - TITLE STATEMENT
Title The letters to the Corinthians.
260 ## - PUBLICATION, DISTRIBUTION, ETC. (IMPRINT)
Place of publication, distribution, etc Philadelphia, PA., :
Name of publisher, distributor, etc Westminster Press
Date of publication, distribution, etc 1956
300 ## - PHYSICAL DESCRIPTION
Extent xviii, 298 p. ;
Dimensions 20 cm.
490 0# - SERIES STATEMENT
Series statement The daily study Bible series.
650 ## - SUBJECT ADDED ENTRY--TOPICAL TERM
Topical term or geographic name as entry element Bible New Testament Corinthians
General subdivision Commentaries
942 ## - ADDED ENTRY ELEMENTS (KOHA)
Source of classification or shelving scheme
Koha item type Books
Copies
Damaged status Collection code Withdrawn status Lost status Date last seen Not for loan Shelving location Date acquired Price effective from Source of classification or shelving scheme Barcode Copy number Full call number Permanent Location Koha item type
 Reference  2018-03-28 General Stacks2010-04-142010-04-14 135851BS 2673 .B37RHEMA Bible Training CollegeBooks